[Event "Montreal Noel op"]
[Site "Montreal"]
[Date "2019.12.27"]
[Round "2"]
[White "Goldner, John"]
[Black "Yan, Alex Jikai"]
[Result "1-0"]
[WhiteElo "1684"]
[BlackElo "1647"]
[PlyCount "105"]
[EventDate "2019.12.26"]
[EventType "swiss"]
[EventRounds "5"]
[EventCountry "CAN"]
[SourceTitle "CBM 194 Extra"]
[Source "ChessBase"]
[SourceDate "2020.03.31"]
[SourceVersion "1"]
[SourceVersionDate "2020.03.31"]
[SourceQuality "1"]

1. e4 c5 2. b4 e5 3. Nf3 Nc6 4. Bb2 cxb4 5. a3 d6 6. axb4 Nf6 7. b5 Ne7 8. Nc3 Ng6 9. g3 Be7 10. Bg2 0-0 11. 0-0 b6 12. d4 Bb7 13. Re1 a5 14. dxe5 dxe5 15. Qxd8 Bxd8 16. Nd2 Rc8 17. Rac1 Bc7 18. Na4 Ba8 19. Nc4 Rb8 20. Rcd1 Rfe8 21. f3 Nf8 22. Bc1 N8d7 23. Be3 Nc5 24. Bxc5 bxc5 25. b6 Bd8 26. Rb1 Re7 27. Nxa5 Nd7 28. Red1 Kf8 29. Nc4 Bc6 30. Nc3 f6 31. Rb2 Nxb6 32. Rxd8+ Rxd8 33. Rxb6 Be8 34. Nd5 Ra7 35. Rb1 Bf7 36. Nce3 Ra3 37. Rb5 Rc8 38. Kf2 Ke8 39. c4 Ra2+ 40. Kg1 Ra1+ 41. Bf1 Ra2 42. Rb7 Kf8 43. Nb6 Rd8 44. Nd7+ Ke8 45. Nxc5 Rc8 46. Nb3 Rb2 47. Nf5 Rd8 48. Nc5 Rxb7 49. Nxb7 Rd7 50. Nbd6+ Kf8 51. Nxf7 Kxf7 52. Ne3 Rd2 53. c5 1-0

[Event "Quebec op"]
[Site "Quebec"]
[Date "2018.07.27"]
[Round "8"]
[White "Zheng, Richard"]
[Black "Goldner, John"]
[Result "1-0"]
[WhiteElo "1986"]
[BlackElo "1743"]
[PlyCount "99"]
[EventDate "2018.07.21"]
[EventType "swiss"]
[EventRounds "9"]
[EventCountry "CAN"]
[SourceTitle "CBM 186 Extra"]
[Source "ChessBase"]
[SourceDate "2018.08.24"]
[SourceVersion "1"]
[SourceVersionDate "2018.08.24"]
[SourceQuality "1"]

1. e4 e5 2. Nf3 Nc6 3. Bc4 Nf6 4. d3 d5 5. exd5 Nxd5 6. 0-0 Be7 7. Re1 f6 8. d4 Bg4 9. c3 Qd7 10. dxe5 0-0-0 11. Bxd5 Qxd5 12. Qxd5 Rxd5 13. exf6 Bxf6 14. Nbd2 Rhd8 15. h3 Bh5 16. g4 Bf7 17. Ne4 Be7 18. Be3 h6 19. Ng3 Bg6 20. Bd4 Nxd4 21. Nxd4 Bf6 22. Ne6 R8d6 23. Nf4 Rg5 24. Nxg6 Rxg6 25. Nf5 Rd2 26. Rad1 Rxd1 27. Rxd1 b6 28. f3 a5 29. Kg2 Kb7 30. f4 h5 31. Kf3 hxg4+ 32. hxg4 Kc8 33. g5 Bxg5 34. Rg1 Rf6 35. Rxg5 g6 36. Ne7+ Kd7 37. Nxg6 Rd6 38. Ne5+ Kc8 39. Rg2 b5 40. Ke4 Rd1 41. Re2 a4 42. a3 c5 43. f5 b4 44. axb4 cxb4 45. cxb4 Ra1 46. f6 Rf1 47. f7 Rf6 48. Re3 Kd8 49. Rf3 Rxf3 50. Kxf3 1-0

[Event "Quebec op"]
[Site "Quebec"]
[Date "2018.07.23"]
[Round "4"]
[White "Bouton, Christophe"]
[Black "Goldner, John"]
[Result "1-0"]
[WhiteElo "2016"]
[BlackElo "1743"]
[PlyCount "145"]
[EventDate "2018.07.21"]
[EventType "swiss"]
[EventRounds "9"]
[EventCountry "CAN"]
[SourceTitle "CBM 186 Extra"]
[Source "ChessBase"]
[SourceDate "2018.08.24"]
[SourceVersion "1"]
[SourceVersionDate "2018.08.24"]
[SourceQuality "1"]

1. c4 e6 2. Nc3 d5 3. d4 c5 4. cxd5 exd5 5. Nf3 Nc6 6. g3 Nf6 7. Bg2 Be7 8. 0-0 0-0 9. Be3 c4 10. b3 cxb3 11. axb3 Ne4 12. Nxe4 dxe4 13. Ne5 Qd5 14. Nxc6 bxc6 15. Qc2 Bf5 16. Rfc1 Rfb8 17. Qxc6 Qxc6 18. Rxc6 Rxb3 19. Rca6 h6 20. h3 Bf6 21. Rxa7 Rxa7 22. Rxa7 Rb4 23. Ra8+ Kh7 24. Re8 Bxd4 25. Bxe4 Bxe4 26. Rxe4 Rb1+ 27. Kg2 Bxe3 28. Rxe3 Rb7 29. Rc3 Re7 30. Kf3 g6 31. Rc6 Kg7 32. h4 h5 33. e4 Kg8 34. Kf4 Kg7 35. f3 Rb7 36. Rc5 Re7 37. g4 hxg4 38. Kxg4 f6 39. h5 gxh5+ 40. Rxh5 Re6 41. Ra5 Kg6 42. Kf4 Rb6 43. Ra7 Rb5 44. Re7 Ra5 45. Kg4 Rg5+ 46. Kf4 Ra5 47. Rd7 Rb5 48. Rd5 Rb4 49. Rd1 Rb5 50. Rd6 Ra5 51. Ke3 Ra3+ 52. Rd3 Ra1 53. f4 Re1+ 54. Kf3 Rf1+ 55. Kg3 Re1 56. Rd4 Re2 57. Kf3 Ra2 58. Rd6 Kf7 59. Rd7+ Ke6 60. Rb7 Ra5 61. f5+ Kd6 62. Rf7 Ke5 63. Re7+ Kd4 64. Re6 Ra3+ 65. Kf4 Ra1 66. Rd6+ Kc5 67. Rxf6 Rf1+ 68. Ke5 Re1 69. Re6 Kc4 70. Kf6 Rg1 71. Rd6 Kc5 72. Rd2 Rh1 73. e5 1-0

[Event "Quebec-ch op"]
[Site "Montreal"]
[Date "2016.07.27"]
[Round "6"]
[White "Fan, Run Kun"]
[Black "Goldner, John"]
[Result "0-1"]
[WhiteElo "2094"]
[BlackElo "1818"]
[PlyCount "88"]
[EventDate "2016.07.23"]
[EventType "swiss"]
[EventRounds "8"]
[EventCountry "CAN"]
[SourceTitle "CBM 173 Extra"]
[Source "ChessBase"]
[SourceDate "2016.08.29"]
[SourceVersion "1"]
[SourceVersionDate "2016.08.29"]
[SourceQuality "1"]

1. Nf3 f5 2. c4 Nf6 3. Nc3 e6 4. g3 Be7 5. Bg2 d6 6. d4 0-0 7. 0-0 c6 8. b3 Qc7 9. Bf4 Nh5 10. Bg5 e5 11. Bxe7 Qxe7 12. c5 e4 13. cxd6 Qxd6 14. Ne5 c5 15. Nb5 Qb6 16. a4 cxd4 17. Nc4 Qd8 18. Qxd4 Qxd4 19. Nxd4 Na6 20. f3 exf3 21. Bxf3 Nf6 22. Nxf5 Bxf5 23. Bxb7 Bh3 24. Rxf6 gxf6 25. Bxa6 Rab8 26. Ne3 Be6 27. Bc4 Bxc4 28. bxc4 Rb2 29. Kf2 f5 30. Kf3 Kg7 31. c5 Kg6 32. c6 Rb3 33. Rd1 Re8 34. Rd3 Rxd3 35. exd3 Kf6 36. d4 Rc8 37. d5 Ke5 38. h3 h5 39. g4 fxg4+ 40. hxg4 hxg4+ 41. Kxg4 Ke4 42. Kg5 Kxe3 43. Kf6 Kd4 44. Ke6 a5 0-1

[Event "Quebec-ch op"]
[Site "Montreal"]
[Date "2016.07.24"]
[Round "2"]
[White "Goldner, John"]
[Black "Rodrigue Lemieux, Shawn"]
[Result "0-1"]
[WhiteElo "1818"]
[BlackElo "2003"]
[PlyCount "168"]
[EventDate "2016.07.23"]
[EventType "swiss"]
[EventRounds "8"]
[EventCountry "CAN"]
[SourceTitle "CBM 173 Extra"]
[Source "ChessBase"]
[SourceDate "2016.08.29"]
[SourceVersion "1"]
[SourceVersionDate "2016.08.29"]
[SourceQuality "1"]

1. e4 c5 2. Nf3 d6 3. d4 cxd4 4. Nxd4 Nf6 5. Nc3 Nc6 6. Bc4 e6 7. Be3 Be7 8. Qe2 a6 9. Bb3 Qc7 10. 0-0-0 0-0 11. Rhg1 b5 12. g4 b4 13. Nxc6 Qxc6 14. Nd5 Nxd5 15. exd5 Qc7 16. g5 a5 17. Bc4 a4 18. Rd4 e5 19. Rh4 g6 20. Bd3 Rb8 21. Rc4 Qd7 22. Rg3 Qb7 23. Rc6 Bd7 24. Be4 Bxc6 25. dxc6 Qb5 26. Qxb5 Rxb5 27. Bd3 Rbb8 28. Ba6 Bd8 29. Bb7 Bc7 30. Ba7 Rbe8 31. c3 bxc3 32. Rxc3 f6 33. gxf6 Rxf6 34. f3 Rf4 35. Ra3 Ref8 36. Rd3 Rxf3 37. Kc2 e4 38. Rd1 Kf7 39. Ba6 Ke7 40. Be2 Rh3 41. Bg1 a3 42. b4 e3 43. Rd3 Bb6 44. Rxa3 d5 45. Ra6 Rb8 46. b5 Kd6 47. a4 Kc5 48. c7 Bxc7 49. Rc6+ Kb4 50. Rxc7 Kxa4 51. Rd7 Rc8+ 52. Kb2 Rh4 53. Ra7+ Kb4 54. b6 Rb8 55. b7 Kc5 56. Bxe3+ Kc6 57. Ba6 Rxh2+ 58. Kc3 Ra2 59. Ra8 Rxa6 60. Rxb8 Ra3+ 61. Kd4 Ra4+ 62. Kd3 Ra3+ 63. Ke2 Rb3 64. Kd2 Rxb7 65. Rh8 Rf7 66. Rc8+ Kd7 67. Ra8 Ke6 68. Ra1 h5 69. Rg1 Rg7 70. Bd4 Rg8 71. Be3 Kf6 72. Bg5+ Kf5 73. Kd3 Ra8 74. Kd4 Ra4+ 75. Kxd5 Rg4 76. Rxg4 Kxg4 77. Be3 Kf3 78. Bg5 Kg3 79. Ke5 h4 80. Bf4+ Kf3 81. Bh2 g5 82. Kf5 g4 83. Kg5 g3 84. Bg1 h3 0-1

[Event "Francophone-ch 3rd"]
[Site "Montreal"]
[Date "2015.07.22"]
[Round "6"]
[White "Shuman, Nathaniel Lande"]
[Black "Goldner, John"]
[Result "1-0"]
[WhiteElo "1616"]
[BlackElo "1844"]
[PlyCount "81"]
[EventDate "2015.07.17"]
[EventType "swiss"]
[EventRounds "9"]
[EventCountry "CAN"]
[SourceTitle "EXT 2016"]
[Source "ChessBase"]
[SourceDate "2015.10.08"]
[SourceVersion "1"]
[SourceVersionDate "2015.10.08"]
[SourceQuality "1"]

1. d4 d5 2. c4 e6 3. Nc3 c5 4. cxd5 cxd4 5. Qxd4 Nc6 6. Qd1 exd5 7. Qxd5 Be6 8. Qxd8+ Rxd8 9. Bd2 Nb4 10. Kd1 Nf6 11. h3 Bc5 12. e3 a6 13. Nf3 h6 14. Be2 Nc6 15. Rc1 Bb4 16. Ke1 Bxc3 17. Bxc3 Bxa2 18. Bxf6 gxf6 19. Bxa6 bxa6 20. Rxc6 a5 21. Ra6 0-0 22. Rxa5 Bb3 23. Nd4 Rb8 24. Kd2 Rfd8 25. f3 Be6 26. Rb1 f5 27. Ke1 Rdc8 28. b4 Rc3 29. Kd2 Rcc8 30. b5 Rd8 31. b6 f4 32. Ke2 Bc4+ 33. Kf2 fxe3+ 34. Kxe3 Re8+ 35. Kf4 Bd3 36. Rb3 Bf1 37. b7 Bc4 38. Rb4 Be6 39. Nc6 Kg7 40. Nxb8 Rxb8 41. Ra8 1-0

[Event "Francophone-ch 3rd"]
[Site "Montreal"]
[Date "2015.07.17"]
[Round "1"]
[White "Goldner, John"]
[Black "Sarkar, Justin"]
[Result "0-1"]
[WhiteElo "1844"]
[BlackElo "2411"]
[PlyCount "108"]
[EventDate "2015.07.17"]
[EventType "swiss"]
[EventRounds "9"]
[EventCountry "CAN"]
[SourceTitle "EXT 2016"]
[Source "ChessBase"]
[SourceDate "2015.10.08"]
[SourceVersion "1"]
[SourceVersionDate "2015.10.08"]
[SourceQuality "1"]

1. e4 c6 2. Nc3 g6 3. d4 d6 4. Be3 Nf6 5. f3 b5 6. Qd2 Nbd7 7. g4 Bb7 8. g5 Ng8 9. h4 h6 10. Bg2 hxg5 11. hxg5 Rxh1 12. Bxh1 a6 13. Qh2 e5 14. Qh8 exd4 15. Qxd4 Qa5 16. Bd2 Qb6 17. Be3 Qxd4 18. Bxd4 b4 19. Nce2 c5 20. Bh8 d5 21. exd5 Bxd5 22. 0-0-0 Bc6 23. Bg2 Be7 24. Nh3 0-0-0 25. Bg7 a5 26. c3 Nb6 27. Rxd8+ Bxd8 28. cxb4 axb4 29. b3 Ne7 30. Bf8 Nd7 31. Bg7 Nf5 32. Bb2 Nh4 33. Bf1 Nxf3 34. Bg2 Kc7 35. Kd1 Nxg5 36. Bxc6 Kxc6 37. Nhf4 Ne4 38. Nd3 Bf6 39. Bxf6 Nexf6 40. Ng3 Nd5 41. Kc2 f5 42. Ne2 Kd6 43. Kb2 Ne5 44. Nxe5 Kxe5 45. a4 bxa3+ 46. Kxa3 g5 47. Ka4 f4 48. Kb5 f3 49. Ng3 Nc3+ 50. Kc4 Ne2 51. Nf1 g4 52. Kxc5 g3 53. b4 g2 54. Nd2 f2 0-1

[Event "Quebec op"]
[Site "Montreal"]
[Date "2013.07.21"]
[Round "1"]
[White "Goldner, John"]
[Black "Libersan, Thierry"]
[Result "0-1"]
[WhiteElo "1903"]
[BlackElo "2059"]
[PlyCount "56"]
[EventDate "2013.07.21"]
[EventType "swiss"]
[EventRounds "9"]
[EventCountry "CAN"]
[SourceTitle "EXT 2022"]
[Source "ChessBase"]
[SourceDate "2021.10.06"]
[SourceVersion "1"]
[SourceVersionDate "2021.10.06"]
[SourceQuality "1"]

1. e4 c5 2. Nf3 e6 3. d4 cxd4 4. Nxd4 Nc6 5. Be3 Nf6 6. Nc3 Bb4 7. Bd3 d5 8. 0-0 Bxc3 9. bxc3 dxe4 10. Bb5 Bd7 11. f3 Nd5 12. Nf5 Nxe3 13. Nd6+ Ke7 14. Qd2 Nxf1 15. Kxf1 e3 16. Nf5+ exf5 17. Qxe3+ Be6 18. Re1 Re8 19. Qc5+ Qd6 20. Qxf5 Qxh2 21. Qg5+ Kf8 22. Qc5+ Kg8 23. Qg5 Kf8 24. Kf2 h6 25. Qc5+ Kg8 26. Bxc6 bxc6 27. Qxc6 Qh4+ 28. g3 Qh2+ 0-1

[Event "Quebec op"]
[Site "Montreal"]
[Date "2011.07.27"]
[Round "6"]
[White "Goldner, John"]
[Black "Brunet, Guy"]
[Result "0-1"]
[WhiteElo "1683"]
[BlackElo "1534"]
[PlyCount "158"]
[EventDate "2011.07.23"]
[EventType "swiss"]
[EventRounds "9"]
[EventCountry "CAN"]
[SourceTitle "EXT 2022"]
[Source "ChessBase"]
[SourceDate "2021.10.06"]
[SourceVersion "1"]
[SourceVersionDate "2021.10.06"]
[SourceQuality "1"]

1. e4 d5 2. exd5 Qxd5 3. Nc3 Qd6 4. d4 Nf6 5. Bg5 Nbd7 6. Nb5 Qb6 7. Bc1 a6 8. Na3 e6 9. Nc4 Qa7 10. Nf3 b5 11. Ne3 Bb7 12. Be2 Be7 13. 0-0 0-0 14. c3 c5 15. Nc2 Rfd8 16. Qe1 Rac8 17. a4 Qb6 18. axb5 axb5 19. Na3 cxd4 20. Nxd4 Bxa3 21. Rxa3 b4 22. Ra4 bxc3 23. bxc3 Qc7 24. Ra3 h6 25. Bf3 Bxf3 26. Nxf3 Nb6 27. Be3 Nfd5 28. Bd4 Ne7 29. Qe5 Qxe5 30. Nxe5 Nc4 31. Nxc4 Rxc4 32. Rb1 Nc6 33. g3 Nxd4 34. cxd4 Rcxd4 35. Rb7 R4d7 36. Raa7 Rxb7 37. Rxb7 g5 38. h3 Kg7 39. Kg2 Kg6 40. Kf3 Rd4 41. Ke2 h5 42. Rb6 h4 43. gxh4 Rxh4 44. Rb3 Rf4 45. Kf1 Rc4 46. Re3 Kh5 47. Kg2 g4 48. hxg4+ Kxg4 49. Rg3+ Kf5 50. Rb3 e5 51. Rb5 f6 52. Rb6 e4 53. Kg3 Rc3+ 54. Kg2 Ke5 55. Rb5+ Kf4 56. Rb2 f5 57. Ra2 Rc8 58. Kf1 Rd8 59. Ke2 Rh8 60. Ra3 Rh2 61. Rb3 Rh1 62. Rc3 Ra1 63. Rc2 Ra3 64. Rb2 Kg4 65. Rb1 f4 66. Rg1+ Kf5 67. Rg8 Ra2+ 68. Ke1 Rb2 69. Rf8+ Kg4 70. Re8 Kf3 71. Re7 Rb1+ 72. Kd2 Rf1 73. Kc3 Rxf2 74. Rh7 e3 75. Re7 Rd2 76. Re8 Rd5 77. Kc4 Rd7 78. Ra8 e2 79. Ra3+ Kf2 0-1

[Event "Quebec op"]
[Site "Montreal"]
[Date "2011.07.25"]
[Round "4"]
[White "Goldner, John"]
[Black "Auger, Bertrand"]
[Result "0-1"]
[WhiteElo "1683"]
[BlackElo "1961"]
[PlyCount "84"]
[EventDate "2011.07.23"]
[EventType "swiss"]
[EventRounds "9"]
[EventCountry "CAN"]
[SourceTitle "EXT 2022"]
[Source "ChessBase"]
[SourceDate "2021.10.06"]
[SourceVersion "1"]
[SourceVersionDate "2021.10.06"]
[SourceQuality "1"]

1. e4 e6 2. d4 d5 3. Nc3 Bb4 4. e5 Ne7 5. a3 Bxc3+ 6. bxc3 c5 7. Qg4 Qc7 8. Qxg7 Rg8 9. Qxh7 cxd4 10. Ne2 Nbc6 11. f4 Bd7 12. Qd3 dxc3 13. g3 d4 14. Bg2 Nf5 15. 0-0 0-0-0 16. Rb1 Na5 17. Rb4 Bc6 18. Bxc6 Nxc6 19. Rc4 Kb8 20. Rc5 Qb6 21. Rb5 Qc7 22. h3 a6 23. Rb1 Ka8 24. g4 Na5 25. Kf2 Ne3 26. Bxe3 dxe3+ 27. Qxe3 Nc4 28. Qxc3 Qc5+ 29. Kg3 Rd2 30. Qf3 Rd5 31. Nc3 Nd2 32. Qf2 Qxc3+ 33. Kg2 Nxf1 34. Kxf1 Qxh3+ 35. Ke2 Qxg4+ 36. Ke3 Qg3+ 37. Qxg3 Rxg3+ 38. Kf2 Rc3 39. a4 Rd2+ 40. Ke1 Rcxc2 41. Rb6 Rh2 42. Kd1 Rcg2 0-1

[Event "Quebec op"]
[Site "Montreal"]
[Date "2011.07.23"]
[Round "1.37"]
[White "Goldner, John"]
[Black "Trottier, Emile"]
[Result "0-1"]
[WhiteElo "1683"]
[BlackElo "2032"]
[PlyCount "80"]
[EventDate "2011.07.23"]
[EventType "swiss"]
[EventRounds "9"]
[EventCountry "CAN"]
[SourceTitle "EXT 2022"]
[Source "ChessBase"]
[SourceDate "2021.10.06"]
[SourceVersion "1"]
[SourceVersionDate "2021.10.06"]
[SourceQuality "1"]

1. e4 e6 2. d4 d5 3. Nc3 Bb4 4. e5 Ne7 5. a3 Bxc3+ 6. bxc3 c5 7. Qg4 0-0 8. Ne2 Nbc6 9. h4 f5 10. Qg3 b6 11. Be3 cxd4 12. cxd4 Qe8 13. Nf4 Ng6 14. Be2 Nxf4 15. Qxf4 Ne7 16. h5 Bd7 17. Rb1 Rc8 18. Bd3 Ba4 19. Rc1 Bb5 20. Bxb5 Qxb5 21. Rh3 Qa4 22. Rg3 Kh8 23. Qg5 Rf7 24. c3 Qxa3 25. Bd2 Qb2 26. h6 g6 27. Qe3 Nc6 28. Qd3 Na5 29. Rb1 Qa2 30. Bg5 Nc4 31. Rc1 a5 32. Bf6+ Kg8 33. Rc2 Qb1+ 34. Ke2 a4 35. Rg5 Na3 36. Rd2 Qxd3+ 37. Kxd3 Rfc7 38. Ke3 Nc4+ 39. Kd3 Nxd2 40. Kxd2 Rxc3 0-1

[Event "Montreal Pere Noel op"]
[Site "Montreal"]
[Date "2009.12.30"]
[Round "5"]
[White "Sprumont, Oscar"]
[Black "Goldner, John"]
[Result "1/2-1/2"]
[WhiteElo "1593"]
[BlackElo "1710"]
[PlyCount "102"]
[EventDate "2009.12.26"]
[EventType "swiss"]
[EventRounds "5"]
[EventCountry "CAN"]
[SourceTitle "EXT 2011"]
[Source "ChessBase"]
[SourceDate "2010.11.26"]
[SourceVersion "1"]
[SourceVersionDate "2010.11.26"]
[SourceQuality "1"]

1. e4 c5 2. Nc3 Nc6 3. g3 g6 4. Bg2 Bg7 5. d3 e6 6. f4 d6 7. Nf3 Nge7 8. 0-0 0-0 9. Be3 Nd4 10. e5 Nef5 11. Bf2 Nxf3+ 12. Qxf3 Nd4 13. Qd1 dxe5 14. fxe5 Bxe5 15. Ne4 Rb8 16. c3 Nf5 17. Bxc5 Re8 18. Bxa7 Ra8 19. Bf2 Rb8 20. Qf3 b6 21. g4 Bb7 22. gxf5 exf5 23. Qh3 fxe4 24. Bxe4 Qg5+ 25. Qg2 Qh6 26. Bxb7 Rxb7 27. Bg3 Bxg3 28. Qxg3 Re3 29. Qg2 Rbe7 30. d4 Re2 31. Rf2 Qe3 32. Qf3 Qxf3 33. Rxf3 Rxb2 34. Rf2 Ree2 35. Rxe2 Rxe2 36. Rb1 Re6 37. Kf2 Kf8 38. Kf3 Rc6 39. Rb3 Ke7 40. Ke4 f5+ 41. Ke5 Re6+ 42. Kd5 f4 43. c4 Rd6+ 44. Ke4 g5 45. Rb5 h6 46. Rf5 Rc6 47. h4 Rg6 48. hxg5 hxg5 49. Kf3 Ke6 50. Kg4 Kd7 51. Rd5+ Kc6 1/2-1/2

[Event "Quebec-op U2000"]
[Site "Montreal"]
[Date "2006.07.14"]
[Round "8"]
[White "Goldner, John"]
[Black "Menard, Dominic"]
[Result "1/2-1/2"]
[WhiteElo "1758"]
[BlackElo "1926"]
[PlyCount "67"]
[EventDate "2006.07.07"]
[EventType "swiss"]
[EventRounds "9"]
[EventCountry "CAN"]
[SourceTitle "CBM 113 Extra"]
[Source "ChessBase"]
[SourceDate "2006.09.14"]
[SourceVersion "1"]
[SourceVersionDate "2006.09.14"]
[SourceQuality "1"]

1. e4 c5 2. Nf3 Nc6 3. d4 cxd4 4. Nxd4 Nf6 5. Nc3 e5 6. Ndb5 d6 7. Bg5 a6 8. Na3 b5 9. Nd5 Be7 10. Bxf6 Bxf6 11. c3 0-0 12. Nc2 Bg5 13. a4 bxa4 14. Rxa4 a5 15. Bc4 Rb8 16. b3 Kh8 17. h4 Bh6 18. g4 Bf4 19. Nce3 Bxe3 20. Nxe3 Be6 21. g5 Qd7 22. Ra2 Qb7 23. Nd5 f5 24. gxf6 gxf6 25. Rg1 Rg8 26. Rxg8+ Rxg8 27. Qf3 f5 28. exf5 Rf8 29. f6 Qf7 30. h5 e4 31. Qxe4 Re8 32. Kd2 Qxh5 33. Qg2 Rg8 34. Qe4 1/2-1/2